Normal view
MARC view
- IUCN--the World Conservation Union, Pakistan.
Entry Corporate Name
001 - CONTROL NUMBER
- control field: 2602
003 - CONTROL NUMBER IDENTIFIER
- control field: NUST
005 - DATE AND TIME OF LATEST TRANSACTION
- control field: 20170614095337.0
008 - FIXED-LENGTH DATA ELEMENTS
- fixed length control field: 170614|| aca||aabn | a|a d
040 ## - CATALOGING SOURCE
- Original cataloging agency: NUST
- Transcribing agency: NUST
110 ## - HEADING--CORPORATE NAME
- Corporate name or jurisdiction name as entry element: IUCN--the World Conservation Union, Pakistan.
- Subordinate unit: National Impact Assessment Programme.
670 ## - SOURCE DATA FOUND
- Source citation: Work cat.: (NUST)0: Fischer, Thomas B., 1965- 2597, Environmental impact assessment course curriculum for Higher education institutions in Pakistan /
